000 01423nam0a2200325 4500
001 RU\NLR\BIBL_A\012618265
005 20220520143734.0
010 _a978-5-604190-18-0
_9300
021 _aRU
_bКН-П-21-040565
_9КН-П-21-3179
035 _a(NLR Aleph) 012618265
090 _a12631051
_c12631051
100 _a20211013d2021 k y0rusy50 ca
101 0 _arus
102 _aRU
105 _aa|||z|||000zy
181 0 _ai
_baxxe
182 0 _an
200 1 _aМетодология инновационной военной педагогики
_eмонография
_fЕ.А. Соколков
203 _aТекст
_bвизуальный
_cнепосредственный
210 _aНовосибирск
_cНемо Пресс
_d2021
215 _a534, [2] с.
_cил., табл.
_d21
300 _aНа 4-й с. обл. авт.: Соколков Е.А., д-р пед. наук, проф., действ. чл. Акад. соц. наук РФ
320 _aБиблиогр.: с. 482-492 (227 назв.) и в конце гл.
606 1 _aВоенная педагогика
_xМетодика преподавания
_2nlr_sh1
_2nlr_sh2
_3RU\NLR\AUTH\66215666
686 1 _aЦ4,5(0)301
700 1 _aСоколков
_bЕ. А.
_f1949-2021
_gЕвгений Алексеевич
942 _cBOOK
980 _aNB